The remediation of dangerous cladding (Record no. 122163)
[ view plain ]
| 000 -LEADER | |
|---|---|
| fixed length control field | 01018nam a22002297a 4500 |
| 008 - FIXED-LENGTH DATA ELEMENTS--GENERAL INFORMATION | |
| fixed length control field | 250516s2025 xxk|||||o||||o00| 0 eng d |
| 041 ## - LANGUAGE CODE | |
| Language code of text/sound track or separate title | eng |
| 110 2# - MAIN ENTRY--CORPORATE NAME | |
| Corporate author | House of Commons Committee of Public Accounts |
| 245 ## - TITLE STATEMENT | |
| Title | The remediation of dangerous cladding |
| Subtitle | Seventeenth Report of Session 2024–25 |
| Medium | [Electronic resource] |
| 260 ## - PUBLICATION INFORMATION | |
| Place of publication | United Kingdom, |
| Publisher | Committee of Public Accounts |
| Date | March 2025 |
| 300 ## - PHYSICAL DESCRIPTION | |
| Physical description | 36p |
| 490 ## - SERIES TITLE | |
| Series statement | HC |
| Volume | 362 |
| 520 ## - ABSTRACT | |
| Abstract | Committee of Public Accounts has written to the government expressing a range of concerns regarding its response to the Grenfell Tower fire, building control and the remediation on unsafe buildings. |
| 650 ## - KEYWORDS | |
| Keywords | BUILDING SAFETY ACT 2022 |
| 650 ## - KEYWORDS | |
| Keywords | CLADDING |
| 650 ## - KEYWORDS | |
| Keywords | BUILDING SAFETY |
| 651 ## - SUBJECT ADDED ENTRY--GEOGRAPHIC NAME | |
| Geographic name | United Kingdom |
| 690 ## - BROAD SUBJECT | |
| 9 (RLIN) | 6222 |
| Broad subject | Building control |
| 690 ## - BROAD SUBJECT | |
| 9 (RLIN) | 6223 |
| Broad subject | Building materials & defects |
| 856 ## - ONLINE RESOURCE | |
| Uniform Resource Identifier | <a href="https://committees.parliament.uk/publications/47171/documents/244299/default/">https://committees.parliament.uk/publications/47171/documents/244299/default/</a> |
| Public note | Available on UK Parliament website |
| 942 ## - ADDED ENTRY ELEMENTS (KOHA) | |
| Suppress in OPAC | Do not suppress in OPAC |
| Lost status | Damaged status | Not for loan | Home library | Current library | Shelving location | Date acquired | Total Checkouts | Date last seen | Price effective from | Koha item type |
|---|---|---|---|---|---|---|---|---|---|---|
| Virtual | Virtual | Online | 16/05/2025 | 16/05/2025 | 16/05/2025 | Online material |